Mathematical theory of control; proceedings of a conference held at the University of Southern California, Los Angeles, January 30-February 1, 1967.

Tallennettuna:
Bibliografiset tiedot
Yhteisötekijät: Conference on the Mathematical Theory of Control, University of Southern California, University of Southern California
Muut tekijät: Balakrishnan, A. V. (ed.), Neustadt, Lucien W. (ed.)
Aineistotyyppi: Konferenssijulkaisu Kirja
Kieli:English
Julkaistu: New York, Academic Press, 1967.
Aiheet:
LEADER 01180nam a22002651 4500
001 c000142664
003 CARM
005 00000000000000.0
008 740606s1967 nyua b 10000 eng
019 1 |a 674302  |5 LACONCORD2021 
035 |a (OCoLC)877261  |5 LACONCORD2021 
050 0 0 |a QA402.3  |b .C58 1967 
082 0 0 |a 629.8/312 
111 2 0 |a Conference on the Mathematical Theory of Control,  |c University of Southern California,  |d 1967. 
245 1 0 |a Mathematical theory of control;  |b proceedings of a conference held at the University of Southern California, Los Angeles, January 30-February 1, 1967.  |c Edited by A. V. Balakrishnan [and] Lucien W. Neustadt. 
260 |a New York,  |b Academic Press,  |c 1967. 
300 |a xv, 459 p.  |b illus.  |c 24 cm. 
504 |a Includes bibliographies. 
650 0 |a Control theory. 
700 1 |a Balakrishnan, A. V.  |e ed. 
700 1 |a Neustadt, Lucien W.,  |e ed. 
710 2 0 |a University of Southern California. 
852 8 |b CARM  |h A2:AL03F0  |i C03977  |p 0199593  |f BK 
999 f f |i 3a85bc52-956b-506d-bd12-415d850c370f  |s 8cebfd8b-6f34-5cf1-80b0-5aff10b63ada 
952 f f |p Can circulate  |a CAVAL  |b CAVAL  |c CAVAL  |d CARM 1 Store  |e C03977  |f A2:AL03F0  |h Other scheme  |i book  |m 0199593